Normal view MARC view

Entry Nome pessoal

Number of records used in: 1

001 - NÚMERO DE CONTROLE

  • campo de controle: 1021

003 - IDENTIFICADOR DO NÚMERO DE CONTROLE

  • campo de controle: Br

005 - DATA E HORÁRIO DA ÚLTIMA TRANSAÇÃO

  • campo de controle: 20250902133935.0

008 - CAMPO DE DADOS FIXOS

  • campo de controle de tamanho fixo: a a

035 ## - NÚMERO DE CONTROLE DO SISTEMA

  • Número de Controle do Sistema: 2003052615445450med

040 ## - FONTE DA CATALOGAÇÃO

  • Instituição da catalogação original: OSt

100 1# - CABEÇALHO--NOME PESSOAL

  • Nome pessoal: Lopes, Cecília Reggiani.

400 1# - REMISSIVA VER--NOME PESSOAL

  • Nome pessoal: Reggiani Lopes, Cecília

670 ## - FONTE POSITIVA DOS DADOS

  • Citação da fonte positiva dos dados: Sec. de: Histórias para ler e ouvir. c1981

675 ## - FONTE NEGATIVA DOS DADOS

  • Citação da fonte positiva dos dados: Índice
  • Citação da fonte positiva dos dados: Barsa
  • Citação da fonte positiva dos dados: Delta
  • Citação da fonte positiva dos dados: Mirador
  • Citação da fonte positiva dos dados: Dic. liter. bras.

Powered by Koha